| 000 | 01399nam a22002777a 4500 | ||
|---|---|---|---|
| 001 | EPSA 0297 | ||
| 003 | gtcocun | ||
| 005 | 20250908184423.0 | ||
| 006 | a||||gr|||| 00| 0 | ||
| 007 | ta | ||
| 008 | 250904b2025 gt ||||| m||| 00| 0 eng d | ||
| 040 |
_agtcocun _bSPA _cgtcocun _eRDA |
||
| 041 | _aSPA EPSA 0297 | ||
| 084 | _0EPSA 0297 | ||
| 100 |
_aCucul Méndez, Daniel Armando Josué _eAutor |
||
| 245 |
_aINFORME FINAL DEL EJERCICIO PROFESIONAL SUPERVISADO, REALIZADO EN GRUPO EMPRESARIAL GARCÍA S.A. COBÁN, ALTA VERAPAZ/ _cDaniel Armando Josué Cucul Méndez. _hImpreso |
||
| 264 |
_aCobán, Alta Verapaz: _bUniversidad de San Carlos de Guatemala, Centro Universitario del Norte, Licenciatura en Administración de Empresas _c2025 |
||
| 300 |
_a68 p.: _bIlustraciones, gráficas. _c28 cm; |
||
| 502 | _eEPSA 0297 | ||
| 502 |
_aEjercicio Profesional Supervisado _bLicenciatura en Administración de Empresas, _cUniversidad de San Carlos de Guatemala, Centro Universitario del Norte, Licenciatura en Administración de Empresas _d2025 _oEPSA 0297 |
||
| 650 | 1 | 4 |
_2LEMB _aCobán, Alta Verapaz _xAdministración _xDiagnóstico _xOrganización _xMetodología _xTécnicas _xEstrategías |
| 700 |
_aLcda. Gladis Margarita Cacao Requena _eAsesor |
||
| 856 |
_uSin archivo en línea _zSin archivo en línea |
||
| 942 |
_2ddc _cTES _iEPSA 0297 _kClasificación _n0 _6EPSA_0297_000000000000000 |
||
| 999 |
_c1692 _d1692 |
||